000
00264nam a2200097Ia 4500
001
1206807
005
20251010142537.0
008
250824s9999 xx 000 0 und d
245
0
_a
SÜPERMEN VE UĞURBÖCEĞİ
_c
AHMET ŞERİF İZGÖREN
260
_b
ELMA YAYINLARI
999
_c
1206807
_d
1206807